exes - Tate McRae - All Lyrics - Statistics

General Stats
  • This quiz has been taken 605 times
    36 since last reset
  • The average score is 399 of 486
Answer Stats
Answer % Correct
a
100%
a,
100%
exes
100%
exes,
100%
I
100%
I,
100%
my
100%
Oh,
100%
oh
100%
don't
97%
Kiss,
97%
kiss,
97%
kisses
97%
Kisses,
97%
Kisses
97%
love
97%
me
97%
Me
97%
the
97%
then
97%
to
97%
about
94%
'bout
94%
give
94%
it
94%
it's
94%
like
94%
ones
94%
shit
94%
they
94%
up
94%
up,
94%
who
94%
you
94%
and
90%
And
90%
I'm
90%
I’m
90%
next
90%
that
90%
think
90%
We
90%
we
90%
can
87%
can,
87%
mind
87%
sorry,
87%
sorry
87%
But
84%
but
84%
live
84%
ori-
84%
origami
84%
without
84%
go
81%
make
81%
Make
81%
necklace,
81%
number
81%
break
77%
Changed
77%
in
77%
is
77%
still
77%
was
77%
(Was)
77%
what
77%
keep
74%
say
74%
Say,
74%
can't
71%
their
71%
just
68%
never
68%
swear
68%
your
68%
how
65%
want,
65%
want
65%
ever
61%
leave
61%
wanna
61%
all
58%
call
58%
got
58%
If
58%
know
58%
Let’s
58%
said
58%
stops
58%
they'll
58%
wild
58%
ride
55%
Yeah,
55%
every
52%
get,
52%
Happens
52%
promise
52%
really
52%
that's
52%
time
52%
another
48%
case
48%
enough
48%
hard
48%
hurt
48%
lot,
48%
not
48%
unlock
48%
you're
48%
be
45%
blame
45%
broke
45%
care
45%
did
45%
dirty
45%
down
45%
down,
45%
mean,
45%
mean
45%
Little
42%
little
42%
thirty
42%
again
39%
cold,
39%
head
39%
makin'
39%
messed
39%
pride
39%
ain't
35%
hooked
35%
married,
35%
selfish,
35%
things
35%
damn
32%
tryna
32%
before
29%
bridge
29%
burn
29%
starts,
29%
there,
29%
well,
29%
any
26%
meant
26%
overshare
26%
Breakin'
23%
No matching quizzes found
Score Distribution
Percent of People with Each Score
Percentile by Number Answered
Your Score History
You have not taken this quiz since the last reset